000
00265nam a2200109Ia 4500
008
230907s9999||||xx |||||||||||||| ||und||
082
_a
572.8633
_b
BRO
100
_a
Brown, T. A.
_9
116163
245
0
_a
Gene cloning and DNA analysis :
300
_a
p. ;
942
_c
BK
999
_c
601400
_d
601400